Responses for Show #2847 - Tuesday, January 7, 1997

Claudia Perry game 5.

Contestants

[<< previous game]

David Charlton, Jr., a college student from Port Charlotte, Florida

Steve Dhuey, a book editor from Madison, Wisconsin

Claudia Perry, a pop music critic from San Jose, California (whose 4-day cash winnings total $45,303)

[next game >>]

Jeopardy! Round responses

SINGERS & THEIR FILMS
SCIENCE & NATURE
ETIQUETTE
CORPORATE AMERICA
EGYPTIAN MYTHOLOGY
CROSSWORD CLUES "P"
    $100 1
Pia Zadora

Claudia
    $100 26
(Alex: Don't complicate it!)

Gas

Triple Stumper
    $100 20
Umbrella

Steve
    $100 10
Aluminum

Steve
    $100 3
Sphinxes

Steve
    $100 8
Polka

Steve
    $200 2
Michael Jackson

David
    $200 27
Indigo

Claudia
    $200 21
Wedding Cake

Claudia
    $200 11
Pizza Hut

Steve
    $200 7
Aphrodite

Claudia
    $200 9
(Steve: What is pickle?)
...
(Alex: You left out the "D"--7 letters, not 6.)

Pickled

Steve
Triple Stumper
    $300 4
Bette Midler

Claudia
    $300 28
Quail

Triple Stumper
    $300 22
Bon Voyage

Claudia
    $300 12
Waldenbooks

Steve
    $300 17
Baboon

Triple Stumper
    $300 15
Pittsburgh

Claudia
    $400 5
Mick Jagger

Steve
    $400 29
Hans Geiger

Claudia
    $400 23
Tea

Claudia
    $400 13
(S: What is Trans World Airlines?)

Time Warner

ClaudiaSteve
    $400 18
(D: Who is Aenubis?)

Osiris

ClaudiaDavid
    $400 16
Port

David
    $500 6
Frankie Avalon

David
    $500 30
Chloroplasts

Triple Stumper
    $500 24
Skol

Claudia
    $500 14
(C: What is Piedmont?)

Delta Airlines

Claudia
    $500 25
Ra

Steve
    $500 19
Pilsner

Steve

Scores at the first commercial break (after clue 14):

Claudia Steve David
$500 $600 $700

Scores at the end of the Jeopardy! Round:

Claudia Steve David
$3,200 $1,700 $700

Double Jeopardy! Round responses

PEOPLE FROM CONNECTICUT
SHAKESPEARE
BAYS
TENNIS
COURT APPOINTEES
20th CENTURY AUTHORS
    $200 12
Harriet Beecher Stowe

Claudia
    $200 1
"Macbeth"

David
    $200 11
Chesapeake Bay

Steve
    $200 26
Serve

Steve
    $200 20
Master of Ceremonies

David
    $200 3
Scott Turow

David
    $400 16
P.T. Barnum

Steve
    $400 2
Yorick

Claudia
    $400 13
Biscayne Bay

Claudia
    $400 27
Martina Navratilova

Claudia
    $400 21
Rasputin

Steve
    $400 5
E.L. Doctorow

Steve
    $600 17
Noah Webster

Steve
    $600 4
King Lear

Claudia
    $600 14
Bay of Naples

Steve
    $600 28
(S: Who is Wimbledon?)
(D: Who is Badminton?)
(C: Who is Ryder?)

The Davis Cup

ClaudiaSteveDavid
Triple Stumper
    $600 22
Poet Laureate

Claudia
    $600 6
Kurt Vonnegut, Jr.

Claudia
    $800 18
(S: Who is Carnegie?)

J.P. Morgan

Steve
Triple Stumper
    $800 8
Forest of Arden

David
    $800 15
Bay of Bengal

David
    $800 29
Jennifer Capriati

David
    $800 24
Beau Brummel

Claudia
    $800 7
The Citadel

David
    $1000 19
(D: Who was Cotton Mather?)

Jonathan Edwards

David
Triple Stumper
    $2,700 9
"Henry V"

David
    $1000 23
(C: What is Newfoundland?)

Quebec

Claudia
Triple Stumper
    $2,000 30
(Alex: Whoa, boy - got it in the nick of time! After hearing Wimbledon as a response a few minutes ago, I said "He cannot miss England!")

Australia, England, France & United States

David
    $1000 25
(S: Who is Kepler?)
(C: Who is Newton?)

Sir William Herschel

ClaudiaSteve
Triple Stumper
    $1000 10
Philip Roth

Claudia

Scores at the end of the Double Jeopardy! Round:

Claudia Steve David
$5,600 $2,100 $7,600

[wagering suggestions for these scores]

Final Jeopardy! Round responses

WORLD LEADERS
SteveWho is Netanyahu
$2,000
ClaudiaWho was Yitzhak Rabin?
$5,001
DavidWho is Begin
$7,599
Benjamin Netanyahu (prime minister of Israel)

Final scores:

Claudia Steve David
$599 $4,100 $1
2nd place: Trip to Madrid, Spain New champion: $4,100 3rd place: Oneida Gift Certificate

Game dynamics:

Coryat scores:

Claudia Steve David
$6,100 $2,100 $4,900
21 R,
4 W
(including 1 DD)
16 R,
5 W
12 R
(including 2 DDs),
3 W

Combined Coryat: $13,100

[game clues] [game scores] [suggest correction]

Game tape date: 1996-11-05
The J! Archive is created by fans, for fans. Scraping, republication, monetization, and malicious use prohibited; this site may use cookies and collect identifying information. See terms. The Jeopardy! game show and all elements thereof, including but not limited to copyright and trademark thereto, are the property of Jeopardy Productions, Inc. and are protected under law. This website is not affiliated with, sponsored by, or operated by Jeopardy Productions, Inc. Join the discussion at JBoard.tv.